| 000 | 01128nam a22002897a 4500 | ||
|---|---|---|---|
| 005 | 20240530110437.0 | ||
| 008 | 150326s2009 su g 000 0 ara d | ||
| 017 |
_a1430/361 _bالسعودية . مكتبة الملك فهد |
||
| 020 | _a9789960546056 | ||
| 020 | _a6605549960978 | ||
| 040 | _aEG-CaGPL | ||
| 082 | 0 | 4 |
_221 _a658.4094/ _bو هـ |
| 100 | 1 | _aووكر ، جيل | |
| 245 | 1 | 0 |
_aهل مديرك مجنون ؟! : _bالدليل الحاسم فى كيفية التعامل مع مديرك / _cجيل ووكر ؛ نقله الى العربية هبة الله الغلاييني |
| 250 | _aالاولى | ||
| 260 |
_aالرياض : _bالعبيكان للنشر ، _c2009 . |
||
| 300 |
_a314 ص ؛ _c22 سم |
||
| 650 | 0 | 4 | _aالسلوك الادارى |
| 650 | 0 | 4 | _aادارة الافراد |
| 650 | 0 | 4 | _aالعلاقات الادارية |
| 650 | 0 | 4 | _aالعلاقات الوظيفية |
| 650 | 0 | 4 | _aالاداريون |
| 650 | 0 | 4 | _aالرؤساء والمديرون |
| 700 | 0 |
_aهبة الله الغلاييني _eمترجم |
|
| 942 |
_2ddc _cBK |
||
| 999 |
_c60982 _d60982 |
||